000 00318nam a2200145Ia 4500
100 _aBhatia/M.L
490 _vIII
942 _cBK
654 _aengineering
245 _aText Book of Engineering Mathematics
260 _bEverest Pub.House
_aPune
_c1998
082 _a519
_bBHA
300 _a411
546 _aENGLISH
999 _c33347
_d33347